|
|
|
|
| LEADER |
01735cas a2200241 a 4500 |
| 001 |
AALejournalIMF006174 |
| 008 |
230101c9999 xx r poo 0 0eng d |
| 020 |
|
|
|c 5.00 USD
|
| 020 |
|
|
|z 9781451809756
|
| 022 |
|
|
|a 1934-7685
|
| 040 |
|
|
|a BD-DhAAL
|c BD-DhAAL
|
| 110 |
2 |
|
|a International Monetary Fund.
|
| 245 |
1 |
0 |
|a Cayman Islands :
|b Off-shore Financial Center Assessment Update-Assessment of Financial Sector Supervision and Regulation.
|
| 264 |
|
1 |
|a Washington, D.C. :
|b International Monetary Fund,
|c 2009.
|
| 300 |
|
|
|a 1 online resource (31 pages)
|
| 490 |
1 |
|
|a IMF Staff Country Reports
|
| 500 |
|
|
|a <strong>Off-Campus Access:</strong> No User ID or Password Required
|
| 500 |
|
|
|a <strong>On-Campus Access:</strong> No User ID or Password Required
|
| 506 |
|
|
|a Electronic access restricted to authorized BRAC University faculty, staff and students
|
| 520 |
3 |
|
|a This paper discusses findings of the assessment of Financial Sector Supervision and Regulation on the Cayman Islands. The assessment reveals that substantial progress has been made in the implementation of the 2003 Offshore Financial Center assessment recommendations, including, importantly, regarding Cayman Islands Monetary Authority's independence and resources. There is scope for enhancing regulatory reporting and disclosure requirements by financial entities, such as shortening the period for filing required documents and requiring all insurers to disclose their use of derivatives and similar commitments regularly.
|
| 538 |
|
|
|a Mode of access: Internet
|
| 830 |
|
0 |
|a IMF Staff Country Reports; Country Report ;
|v No. 2009/323
|
| 856 |
4 |
0 |
|z Full text available on IMF
|u http://elibrary.imf.org/view/journals/002/2009/323/002.2009.issue-323-en.xml
|z IMF e-Library
|